Machina

Αποθηκεύτηκε σε:
Λεπτομέρειες βιβλιογραφικής εγγραφής
Κύριος συγγραφέας: Coddou Mc Manus, Sergio Cristián (Συγγραφέας)
Μορφή: Βιβλίο
Γλώσσα:Ισπανικά
Έκδοση: Santiago Tácitas 2007
Θέματα:
Ετικέτες: Προσθήκη ετικέτας
Δεν υπάρχουν, Καταχωρήστε ετικέτα πρώτοι!

MARC

LEADER 00000cam a2200000 a 4500
001 UCG7796
003 CL-VaPUC
008 110921e20070000CL |||||||||||||||||spa|d
020 |a 9789568268190 
082 0 4 |a Ch861  |b COD  |2 21 
100 0 |a Coddou Mc Manus, Sergio Cristián  |e author  |9 558316 
245 1 0 |a Machina 
300 |a 63 p 
942 |c BK 
945 |d 20110921 00:00:00  |a dcastane 
260 |a Santiago  |b Tácitas  |c 2007 
650 0 |a Poesías chilenas   |9 265280 
583 |a last modification  |c 20110921 11:47:00  |k Rodrigo Vera 
999 |c 345541  |d 345539 
952 |0 0  |1 0  |4 0  |6 CH_861_000000000000000_COD_2007  |7 0  |8 A  |9 444407  |a BIBARQ  |b BIBARQ  |d 2019-11-22  |i 4791282  |o Ch861 COD 2007  |p 4791282  |r 2025-01-20  |w 2019-11-22  |y BK  |k ARQ 
952 |0 0  |1 0  |4 0  |6 CH_861_000000000000000_COD_2007  |7 0  |8 A  |9 444408  |a BIBARQ  |b BIBARQ  |d 2019-11-22  |i 4791290  |o Ch861 COD 2007  |p 4791290  |r 2025-01-20  |w 2019-11-22  |y BK  |k ARQ